INSPIRE (Record no. 75954)

MARC details
000 -LEADER
fixed length control field 01268cab a2200193 4500
001 - CONTROL NUMBER
control field ##L131124
008 - FIXED-LENGTH DATA ELEMENTS--GENERAL INFORMATION
fixed length control field 051003n2005 000 0 eng u
035 ## - SYSTEM CONTROL NUMBER
System control number (Sirsi) u131124
041 0# - LANGUAGE CODE
Language code of text/sound track or separate title eng
100 1# - MAIN ENTRY--PERSONAL NAME
Personal name Craglia, Max
245 00 - TITLE STATEMENT
Title INSPIRE
Remainder of title an example of participative policy-making in Europe
-- openness, participation and transparency
260 3# - PUBLICATION, DISTRIBUTION, ETC.
Date of publication, distribution, etc. 2005
490 #0 - SERIES STATEMENT
Series statement Geo Informatics
Volume/sequential designation (6) September 2005, 43-47(3)
520 ## - SUMMARY, ETC.
Summary, etc. Reports on INSPIRE, the proposed European directive seeking to establish the legal framework for setting up and operating an infrastructure for spatial information in Europe. INSPIRE's first target is in relation to environmental policies but it will go on to benefit other sectors such as agriculture, transport and energy. Explains why INSPIRE is needed. Describes the principles around which INSPIRE is articulated, the process put in place by the European Commission to develop INSPIRE with its openness, participation and transparency as a model for European policy-making and lists the participants in the programme.
690 ## - LOCAL SUBJECT ADDED ENTRY--TOPICAL TERM (OCLC, RLIN)
Topical term or geographic name as entry element ENVIRONMENTAL AND LAND CONSULTANCY-GEOMATICS-GEOGRAPHIC INFORMATION SCIENCE-SPATIAL DATA AND METADATA MANAGEMENT
700 1# - ADDED ENTRY--PERSONAL NAME
Personal name Fullerton, Karen
700 1# - ADDED ENTRY--PERSONAL NAME
Personal name Annoni, Alessandro
942 ## - ADDED ENTRY ELEMENTS (KOHA)
Suppress in OPAC 0
Holdings
Withdrawn status Lost status Source of classification or shelving scheme Damaged status Not for loan Home library Current library Shelving location Date acquired Total Checkouts Full call number Barcode Date last seen Copy number Price effective from Koha item type
    Dewey Decimal Classification     London London Journal article 03/10/2005   L131124 131124-1001 06/08/2019 1 06/08/2019 Journal article